| 000 | 00708nam a22001337a 4500 | ||
|---|---|---|---|
| 040 | _cRUA | ||
| 082 | _aAGR UY 2017 B633 Or.1 | ||
| 100 | _aUY SOPHEA អ៊ុយ សុភា | ||
| 245 | _astudy on adoption of techniques system of rice intensification of farmer in kampot province ការសិក្សារពីការទទួលយកនៃបច្ខេកទេសប្រពន្ធ័ប្រពលវប្បកម្មដំណាំស្រូវលក្ខខណ្ឌខេត្តកំពត | ||
| 260 |
_aRUA _bPhnom penh _c2017 |
||
| 300 |
_axii;43p _bill; _c29cm |
||
| 856 | _u https://drive.google.com/file/d/12piWWeakNaid77XBkuql8OMKX0plh1NY/view?usp=sharing | ||
| 942 | _cAGR | ||
| 999 |
_c17975 _d17975 |
||